La mujer según el derecho y la doctrina de la iglesia (Registro nro. 16737)

Detalles MARC
000 -Cabecera
Campo de control interno 00456nam a2200181Ia 4500
005 - Fecha y hora del registro
control field 20260306170332.0
008 - Elementos de Longitud Fija
fixed length control field 260306t1943||||xx |||||||||||||| ||und||
041 ## - Idioma
Codigo Idioma ESP
082 ## - DEWEY y NOTACIÓN INTERNA
Dewey 349.73082
Notación Interna O688
100 ## - AUTOR
Autor denominación Otto, Nicolás S. de
Término de relación autor
245 #0 - TÍTULO DE MATERIAL BIBLIOGRÁFICO
Título La mujer según el derecho y la doctrina de la iglesia
260 ## - CIUDAD, EDITORIAL, AÑO
Año 1943
300 ## - DESCRIPCIÓN
N° Páginas 37 páginas :
Dimensiones 21 cm.
650 ## - TEMAS
Temas Generalidades
654 ## - PROGRAMAS
Programa Dpto. de Derecho y Ciencia Política
942 ## - ELEMENTOS DE KOHA
Tipo de documento Libro
Nombre del creador Justo Noguera
Código de catalogador Justo Noguera
Esquema de clasificación Dewey Decimal Classification
Suppress in OPAC
Existencias
Codigo completo Registro Colección Copia número Disponibilidad Tipo de préstamo Biblioteca Actual Procedencia (Biblioteca) Ubicacón Fecha Ingreso Tipo de Adquisición Date last seen Total checkouts Price effective from Tipo de Item Estado del Material Fuente de Clasificación Damaged status Withdrawn status
349.73082 O688 1050929 Colección Navarra 1 Disponible Disponible Víctor Andrés Belaunde Víctor Andrés Belaunde Primer piso 03/06/2026 Donación 06/03/2026   06/03/2026 Libro Bueno Dewey Decimal Classification